Broadband networking / (Record no. 67275)

000 -LEADER
fixed length control field 01147cam a22002894a 4500
001 - CONTROL NUMBER
control field 12943298
003 - CONTROL NUMBER IDENTIFIER
control field NUST - PNEC
005 - DATE AND TIME OF LATEST TRANSACTION
control field 20170116181016.0
008 - FIXED-LENGTH DATA ELEMENTS--GENERAL INFORMATION
fixed length control field 020924s2002 nyua 001 0 eng
010 ## - LIBRARY OF CONGRESS CONTROL NUMBER
LC control number 2002514057
020 ## - INTERNATIONAL STANDARD BOOK NUMBER
International Standard Book Number 007219510X
040 ## - CATALOGING SOURCE
Transcribing agency LIBRARY
082 00 - DEWEY DECIMAL CLASSIFICATION NUMBER
Classification number 621.3821 CAR
100 1# - MAIN ENTRY--PERSONAL NAME
Personal name Carty, Glen.
245 10 - TITLE STATEMENT
Title Broadband networking /
Statement of responsibility, etc. Glen Carty.
260 ## - PUBLICATION, DISTRIBUTION, ETC.
Place of publication, distribution, etc. New York :
Name of publisher, distributor, etc. McGraw-Hill/Osborne,
Date of publication, distribution, etc. c2002.
300 ## - PHYSICAL DESCRIPTION
Extent xviii, 461 p. :
Other physical details ill. ;
Dimensions 24 cm.
440 #0 - SERIES STATEMENT/ADDED ENTRY--TITLE
Title Network professional's library
500 ## - GENERAL NOTE
General note Includes "Network professional library broadband networking" (network bluebrints and diagrams) on 8 p. of plates.
500 ## - GENERAL NOTE
General note Includes index.
650 #0 - SUBJECT ADDED ENTRY--TOPICAL TERM
Topical term or geographic name entry element Broadband communication systems.
General subdivision EL, Comm
856 41 - ELECTRONIC LOCATION AND ACCESS
Materials specified Table of contents
Uniform Resource Identifier <a href="http://www.loc.gov/catdir/toc/mh031/2002514057.html">http://www.loc.gov/catdir/toc/mh031/2002514057.html</a>
856 42 - ELECTRONIC LOCATION AND ACCESS
Materials specified Publisher description
Uniform Resource Identifier <a href="http://www.loc.gov/catdir/description/mh031/2002514057.html">http://www.loc.gov/catdir/description/mh031/2002514057.html</a>
906 ## - LOCAL DATA ELEMENT F, LDF (RLIN)
a 7
b cbc
c orignew
d 2
e ncip
f 20
g y-gencatlg
942 ## - ADDED ENTRY ELEMENTS (KOHA)
Source of classification or shelving scheme
Koha item type Book
Holdings
Withdrawn status Lost status Source of classification or shelving scheme Damaged status Not for loan Permanent Location Current Location Shelving location Date acquired Total Checkouts Full call number Barcode Date last seen Price effective from Koha item type
          Pakistan Navy Engineering College (PNEC) Pakistan Navy Engineering College (PNEC)       621.3821 CAR PNECLIB-026515 09/14/2015   Book
© 2023 Central Library, National University of Sciences and Technology. All Rights Reserved.